| Поле | Название | Значение |
| |
Тип записи |
a |
| |
Библиографический уровень |
a |
| 001 |
Контрольный номер |
RU/CBS_UL/BASE/3118bb24a29e465f85dd9ab5d7e9bfeb |
| 005 |
Дата корректировки |
20250123232012.9 |
| 100 |
Данные общей обработки |
__ |
| a |
Данные общей обработки |
20240307 ||| 0rusy0189 ca |
| 101 |
Язык документа |
0_ |
| a |
Язык текста |
rus |
| 102 |
Страна публикации |
__ |
| a |
Страна публикации |
RU |
| 200 |
Заглавие и сведения об ответственности |
1_ |
| a |
Заглавие |
Сăпка сиктерекен кукамай юрри |
| e |
Сведения, относящиеся к заглавию |
[стихи на чув. яз.] |
| f |
Первые сведения об ответственности |
Н. Зимин |
| 461 |
Уровень набора |
_0 |
| 1 |
|
2000 |
| a |
|
Канаш |
| 463 |
Уровень физической единицы |
_0 |
| 1 |
|
2000 |
| a |
|
№ 9 (1 марта) |
| v |
|
С. 6 |
| 1 |
|
2101 |
| d |
|
2024 |
| 1 |
|
001RU/CBS_UL/BASE/e53ce791d3394688ba577ba0db27a6ef |
| 606 |
Тематические рубрики |
0_ |
| a |
Основная рубрика |
Чувашская литература, 21 в. - Поэзия |
| 610 |
Ключевые слова |
0_ |
| a |
Ключевые слова |
стихи |
| 610 |
Ключевые слова |
0_ |
| a |
Ключевые слова |
чувашские стихи |
| 610 |
Ключевые слова |
0_ |
| a |
Ключевые слова |
поэзия |
| 610 |
Ключевые слова |
0_ |
| a |
Ключевые слова |
чувашская поэзия |
| 610 |
Ключевые слова |
0_ |
| a |
Ключевые слова |
современная чувашская поэзия |
| 610 |
Ключевые слова |
0_ |
| a |
Ключевые слова |
поэты |
| 610 |
Ключевые слова |
0_ |
| a |
Ключевые слова |
чувашские поэты |
| 686 |
Индексы других классификаций |
__ |
| 2 |
Код системы |
rubbk |
| a |
Классификационный индекс |
84(2Рос=Чув)6 |
| 700 |
Автор |
_1 |
| a |
Фамилия |
Зимин |
| b |
Имя (инициалы) |
Н. |
| g |
Полное личное имя |
Николай |
| 801 |
Источник записи |
_0 |
| a |
Страна |
RU |
| b |
Организация |
МБУК ЦБС г. Ульяновска |
| c |
Дата составления |
20240307 |
| g |
Правила каталогизации |
RCR |
| 801 |
Источник записи |
_1 |
| a |
Страна |
RU |
| b |
Организация |
МБУК ЦБС г. Ульяновска |
| c |
Дата составления |
20240307 |
| g |
Правила каталогизации |
RCR |
| 901 |
Тип документа |
__ |
| t |
Тип документа |
f |
| w |
Контрольный № источника |
RU/CBS_UL/BASE/e53ce791d3394688ba577ba0db27a6ef |
| 909 |
Создатель записи |
__ |
| a |
Создатель записи |
lib17 |